1020 1027 1780 1097 1390 1124 1312 1370 1564 1721 1710 1525 1186 1578 1795 1275 1002 1309 1075 1226 1761 1634 1324 1105 1222 1016 1035 1039 1800 1293 1680 1410 1872 1464 1124 1411 1039 1959 1049 1252 1890 1203 1810 1146 1861 1204 1008 1222 1332 1827 1376 1343 1282 1780 1365 1604 1300 1179 1050 1720 1766 1452 1537 1654 1360 1326 1718 1152 1971 1332 1965 1591 1744 1375 1095 1707 1017 1636 1833 1424 1770 1930 1419 1488 1014 1726 1757 1244 1086 1296 1714 1043 1160 1285 1968 1185 1459 1225 1196 BCNSPRNW ULIB Ver.6.0+V

เปลี่ยนเป็นภาษาไทย

Change to English
 แสดงรายละเอียดบรรณานุกรม
  กลับหน้าหลัก

Brief Record : Get Marc (ISO 2709) : E-mail record : QR code < ปิดหน้าต่าง
LEADER : 00000nam 2200000uu 4500
001    13399123716
003     ULIB
008    141119s2557||||th 000 0 tha d
020    ^a9786163615862
060  4 ^aWY32^bก117
245 00 ^aกฎหมายและจรรยาบรรณวิชาชีพการพยาบาลและกฎหมายอื่นที่เกี่ยวข้อง /^cชัชวาล วงค์สารี, อุทัยวรรณ พงษ์บริบูรณ์ บรรณาธิการ
250    ^aพิมพ์ครั้งที่ 1
260    ^aกรุงเทพฯ :^bเอ็นพีเพรส,^c2557
300    ^a363 หน้า ;^c21 ซม.
505 0  ^a^tกฎหมายทั่วไป -- ^tพระราชบัญญัติวิชาชีพการพยาบาลและการผดุงครรภ์และข้อบังคับที่เกี่ยวข้อง - -^tกฏหมายอาญาที่เกี่ยวข้องกับการประกอบวิชาชีพการพยาบาลและการผดุงครรภ์ - -^tกฎหมายแพ่งที่เกี่ยวข้องกับการประกอบวิชาชีพการพยาบาลและการผดุงครรภ์ - -^tกฎหมายสาธารณสุขที่เกี่ยวข้องกับการประกอบวิชาชีพการพยาบาลและการผดุงครรภ์ - -^tแนวคิดและทฤษฎีจริยศาสตร์ - -^tประเด็นสัมมนาทางกฎหมายและจริยศาสตร์ร่วมสมัย
650  7 ^aการพยาบาล^xกฎหมายและระเบียบข้อบังคับ
650  7 ^aจรรยาบรรณพยาบาล
650  7 ^aการแพทย์^xกฎหมายและระเบียบข้อบังคับ
700 0  ^aชัชวาล วงค์สารี,^eบรรณาธิการ
700 0  ^aอุทัยวรรณ พงษ์บริบูรณ์,^eบรรณาธิการ
945    ^p310^l0^i21736
945    ^p310^l0^i21737
945    ^p310^l0^i21738
945    ^p310^l0^i21739
945    ^p310^l0^i21740
999    ^aทศพร เกษรทอง
รายการนี้ยังไม่มีแท็ก
คุณยังไม่ได้ล็อกอิน คุณสามารถมีกิจกรรมร่วมกับเว็บไซต์ได้ แต่ต้องล็อกอินก่อน ::
  ล็อกอิน

รายการสื่อสารสนเทศ

ลำดับที่ ประเภท เลขเรียก/บาร์โค้ด สถานที่ สถานะ
1. Book การพยาบาล
Book การพยาบาล
สถานะ=หนังสือเก่า
WY32 ก117 ฉ.1 
  Barcode: 21736
ห้องสมุดวิทยาเขตนครสวรรค์
►ส่วนจัดเก็บหนังสือเก่า นว.
บนชั้น
  ขอยืม
2. Book การพยาบาล
Book การพยาบาล
สถานะ=หนังสือเก่า
WY32 ก117 ฉ.2 
  Barcode: 21737
ห้องสมุดวิทยาเขตนครสวรรค์
►ส่วนจัดเก็บหนังสือเก่า นว.
บนชั้น
  ขอยืม
3. Book การพยาบาล
Book การพยาบาล
สถานะ=หนังสือเก่า
WY32 ก117 ฉ.3 
  Barcode: 21738
ห้องสมุดวิทยาเขตนครสวรรค์
►ส่วนจัดเก็บหนังสือเก่า นว.
บนชั้น
  ขอยืม
4. Book การพยาบาล
Book การพยาบาล
สถานะ=หนังสือเก่า
WY32 ก117 ฉ.4 
  Barcode: 21739
ห้องสมุดวิทยาเขตนครสวรรค์
►ส่วนจัดเก็บหนังสือเก่า นว.
บนชั้น
  ขอยืม
5. Book การพยาบาล
Book การพยาบาล
สถานะ=หนังสือเก่า
WY32 ก117 ฉ.5 
  Barcode: 21740
ห้องสมุดวิทยาเขตนครสวรรค์
►ส่วนจัดเก็บหนังสือเก่า นว.
บนชั้น
  ขอยืม

รายการใกล้เคียง
    หัวเรื่อง [จรรยาบรรณพยาบาล]

BibComment


ยังไม่เคยถูกคอมเมนท์

คอมเมนท์ทรัพยากรรายการนี้
  คอมเมนท์: กฎหมายและจรรยาบร..


 Copyright 2026. Bcnsprnw @Library